Victor McLaglen Filmography - Statistics

General Stats
  • This quiz has been taken 3 times
  • The average score is 6 of 124
Answer Stats
Type Year Name % Correct
Film 1935 The Informer
100%
Film 1931 Dishonored
50%
Film 1948 Fort Apache
50%
Film 1939 Gunga Din
50%
Film 1954 Prince Valiant
50%
Film 1939 Rio
50%
Film 1950 Rio Grande
50%
Film 1949 She Wore a Yellow Ribbon
50%
Film 1934 The Lost Patrol
50%
Film 1952 The Quiet Man
50%
Radio Series 1946 Academy Award Theater
0%
Film 1930 A Devil with Women
0%
Film 1928 A Girl in Every Port
0%
Film 1937 Ali Baba Goes to Town
0%
Film 1931 Annabelle's Affairs
0%
Film 1922 A Romance of Old Baghdad
0%
Film 1956 Around the World in 80 Days
0%
Film 1922 A Sailor Tramp
0%
Film 1938 Battle of Broadway
0%
Film 1926 Beau Geste
0%
Film 1955 Bengazi
0%
Film 1941 Broadway Limited
0%
Film 1947 Calendar Girl
0%
Film 1942 Call Out the Marines
0%
Film 1939 Captain Fury
0%
Film 1929 Captain Lash
0%
Film 1921 Carnival
0%
Film 1942 China Girl
0%
Film 1955 City of Shadows
0%
Film 1921 Corinthian Jack
0%
Film 1932 Devil's Lottery
0%
Film 1940 Diamond Frontier
0%
Film 1933 Dick Turpin
0%
Film 1939 Ex-Champ
0%
Film 1953 Fair Wind to Java
0%
Film 1943 Forever and a Day
0%
Film 1939 Full Confession
0%
Film 1932 Guilty as Hell
0%
Film 1928 Hangman's House
0%
Film 1929 Happy Days
0%
TV Show 1958 Have Gun - Will Travel
0%
Film 1923 Heartstrings
0%
Film 1929 Hot for Paris
0%
Film 1933 Hot Pepper
0%
Film 1923 In the Blood
0%
TV Show 1955 Jane Wyman Presents The Fireside Theatre
0%
Film 1936 Klondike Annie
0%
Film 1955 Lady Godiva of Coventry
0%
Film 1933 Laughing at Life
0%
Film 1939 Let Freedom Ring
0%
Short Film 1927 Life in Hollywood No. 5
0%
Film 1922 Little Brother of God
0%
Film 1945 Love, Honor and Goodbye
0%
TV Show 1954 Lux Video Theatre
0%
Film 1936 Magnificent Brute
0%
Film 1955 Many Rivers to Cross
0%
Film 1926 Men of Steel
0%
Film 1923 M'Lord of the White Road
0%
Film 1928 Mother Machree
0%
Film 1934 Murder at the Vanities
0%
Film 1937 Nancy Steele Is Missing!
0%
Film 1934 No More Women
0%
Film 1931 Not Exactly Gentlemen
0%
Short Film 1951 O'Mara's Chain Miracle
0%
Film 1930 On the Level
0%
Film 1939 Pacific Liner
0%
Film 1925 Percy
0%
Film 1942 Powder Town
0%
Film 1935 Professional Soldier
0%
Film 1932 Rackety Rax
0%
Film 1959 Rawhide
0%
Film 1944 Roger Touhy, Gangster
0%
Film 1945 Rough, Tough and Ready
0%
Film 1937 Sea Devils
0%
Film 1958 Sea Fury
0%
Film 1940 South of Pago Pago
0%
Film 1929 Strong Boy
0%
TV Show 1957 Studio 57
0%
Film 1944 Tampico
0%
Film 1957 The Abductors
0%
Film 1924 The Beloved Brute
0%
Film 1929 The Black Watch
0%
Short Film 1924 The Boatswain's Mate
0%
Film 1920 The Call of the Road
0%
Film 1934 The Captain Hates the Sea
0%
Film 1929 The Cock-Eyed World
0%
Film 1922 The Crimson Circle
0%
Film 1938 The Devil's Party
0%
TV Show 1955 The Eddie Cantor Comedy Theater
0%
Film 1925 The Fighting Heart
0%
Film 1947 The Foxes of Harrow
0%
Film 1932 The Gay Caballero
0%
Film 1924 The Gay Corinthian
0%
Film 1922 The Glorious Adventure
0%
Film 1935 The Great Hotel Murder
0%
Film 1925 The Hunted Woman
0%
Film 1926 The Isle of Retribution
0%
Film 1958 The Italians They Are Crazy
0%
Film 1927 The Loves of Carmen
0%
Film 1947 The Michigan Kid
0%
Film 1924 The Passionate Adventure
0%
Film 1921 The Prey of the Dragon
0%
Film 1944 The Princess and the Pirate
0%
Film 1928 The River Pirate
0%
Film 1923 The Romany
0%
Film 1921 The Sport of Kings
0%
Short Film 1931 The Stolen Jools
0%
Film 1925 The Unholy Three
0%
Film 1937 This Is My Affair
0%
Documentary Series 1953 This Is Your Life
0%
Film 1954 Trouble in the Glen
0%
Film 1935 Under Pressure
0%
Film 1936 Under Two Flags
0%
Film 1937 Wee Willie Winkie
0%
Film 1938 We're Going to Be Rich
0%
Film 1934 Wharf Angel
0%
Film 1926 What Price Glory?
0%
Film 1932 While Paris Sleeps
0%
Film 1946 Whistle Stop
0%
Film 1931 Wicked
0%
Film 1925 Winds of Chance
0%
Film 1923 Woman to Woman
0%
Film 1924 Women and Diamonds
0%
Film 1931 Women of All Nations
0%
No matching quizzes found
Score Distribution
Percent of People with Each Score
Percentile by Number Answered
Your Score History
You have not taken this quiz